00373nam a22001337a 4500003000400000008004100004020001500045050001900060100002200079245005400101260003400155300002400189650002600213OSt170830b xxu||||| |||| 00| 0 eng d a0566027232 aHF5415.13 1990 aStapleton, John,  aHow to prepare a marketing plan /cJohn Stapleton aAldershot : bGower, c 1990. aXVI, 327 p. :bill. aMarketingxManagement